• 首页
  • 本馆介绍
  • 公告通知
  • 最新文献
  • 馆藏检索
  • 电子资源
  • 读者导购
  • 参考咨询
  • 我的图书馆
  • 登录
  • 详细信息显示
  • 放入我的书架
  • 预约/预借图书
  • 作者相关作品
  • 分类相关作品
  • 丛书相关作品
  • 出版社相关作品

书目信息

  • 表格格式
  • 工作单格式
  • 卡片格式
题名:
概率统计原理和在测量中的应用
    
 
作者: 李庆海 , 陶本藻 编著
分册:  
出版信息: 北京   测绘出版社  1982
页数: 321页
开本: 25cm
丛书名:
单 册:
中图分类: P20
科图分类:
主题词: 测量-应用-概率论--高等学校--教学参考资料 , 数理统计-应用-测量学--高等学校--教学参考资料 , 概率论-应用-测量--高等学校--教学参考资料 , 测量学-应用-数理统计--高等学校--教学参考资料
电子资源:
ISBN:
000 00919nam0 2200289 45
001 0182005473
005 20060911153451.01
010    @dCNY2.15
091    @a15039.228
100    @a19950601d1982 em y0chiy0121 ea
101 0  @achi
102    @aCN@b110000
105    @ay z 000yy
200 10 @a概率统计原理和在测量中的应用@Agai lv tong ji yuan li he zai ce liang zhong de ying yong@f李庆海,陶本藻编著
210    @a北京@c测绘出版社@d1982
215    @a321页@d25cm
300    @a高等学校教学参考书
606    @a测量-应用-概率论@x高等学校@x教学参考资料
606    @a数理统计-应用-测量学@x高等学校@x教学参考资料
606    @a概率论-应用-测量@x高等学校@x教学参考资料
606    @a测量学-应用-数理统计@x高等学校@x教学参考资料
690    @aP20@v3
701  0 @a李庆海@Ali qing hai@4编著
701  0 @a陶本藻@Atao ben zao@4编著
801  2 @aCN@bNLC@c20060911
801  0 @aCN@bTSSF
905    @a10447@dP20@e129
    
    概率统计原理和在测量中的应用/李庆海,陶本藻编著.-北京:测绘出版社,1982
    321页;25cm
    高等学校教学参考书
    
    ISBN :CNY2.15
    
●
相关链接 在E读中查询图书 在五车中查询图书 在当当中查询图书 在豆瓣中查询图书


正题名:概率统计原理和在测量中的应用     索取号:P20/129         预约/预借

序号 登录号 条形码 馆藏地/架位号 状态 备注
1 0470579   204705792   密集书库/ [索取号:P20/129] 在馆    
唐山师范学院图书馆 欢迎您!
大连网信软件有限公司© 版权所有